000 00823cam a22002893a 4500
001 33264
003 PGUSA
005 20140828083723.0
008 100726s2010||||xxu|||||s|||||000 1 eng d
040 _aPGUSA
_beng
042 _adc
050 4 _aPS
100 1 _aCooper, Elizabeth,
_d1877-1945
245 1 0 _aLiving Up to Billy
_h[electronic resource] /
_cElizabeth Cooper
260 _bProject Gutenberg,
_c2010
506 _aPublic domain in the USA.
516 _aElectronic text
653 _aChildren of prisoners -- Fiction
653 _aNephews -- Fiction
653 _aAunts -- Fiction
653 _aDancers -- Fiction
653 _aNew York (N.Y.) -- Fiction
653 _aEpistolary fiction
830 0 _aProject Gutenberg
_v33264
856 4 0 _uhttp://www.gutenberg.org/ebooks/33264
942 _cEB
999 _c262519
_d262519